NBA Best Record by Year - Statistics

General Stats
  • This quiz has been taken 567 times
    115 since last reset
  • The average score is 21 of 46
Answer Stats
Year W-L Team % Correct
2025 68-14 Thunder
99%
2024 64-18 Celtics
92%
2016 73-9 Warriors
68%
2017 67-15 Warriors
65%
2015 67-15 Warriors
65%
2023 58-24 Bucks
64%
2013 66-16 Heat
60%
2014 62-20 Spurs
60%
2022 64-18 Suns
52%
1998 62-20 Bulls
50%
1997 69-13 Bulls
50%
1996 72-10 Bulls
50%
1992 67-15 Bulls
49%
2000 67-15 Lakers
49%
2020 *56-17 Bucks
48%
2008 66-16 Celtics
48%
2018 65-17 Rockets
48%
2019 60-22 Bucks
45%
2011 62-20 Bulls
43%
1986 67-15 Celtics
43%
1985 63-19 Celtics
42%
1982 63-19 Celtics
42%
1981 62-20 Celtics
42%
2001 58-24 Spurs
42%
2009 66-16 Cavaliers
40%
1984 62-20 Celtics
40%
1980 61-21 Celtics
40%
1988 62-20 Lakers
40%
1987 65-17 Lakers
40%
2010 61-21 Cavaliers
39%
1989 63-19 Pistons
39%
1999 *37-13 Spurs
39%
2012 *50-16 Bulls
38%
2021 *52-20 Jazz
38%
1990 63-19 Lakers
38%
2007 67-15 Mavericks
37%
2005 62-20 Suns
37%
1983 65-17 76ers
36%
2006 64-18 Pistons
36%
1993 62-20 Suns
33%
1994 63-19 SuperSonics
33%
1991 63-19 Trail Blazers
33%
2002 61-21 Kings
32%
2004 61-21 Pacers
32%
1995 62-20 Spurs
32%
2003 60-22 Mavericks
27%
No matching quizzes found
Score Distribution
Percent of People with Each Score
Percentile by Number Answered
Your Score History
You have not taken this quiz since the last reset